Pokémon - Les attaques de Palmaval - Statistiques

Statistiques générales
  • Ce quiz a été pris 13 fois
  • Le résultat moyen est 13 sur 20
Statistiques - réponses
Niveaux Types Noms des attaques % Correct
Niveau 58 Combat Close Combat
100%
Départ Évolution Eau Danse Aquatique
100%
Départ Normal Écras'Face
100%
Départ Eau Pistolet à O
100%
Départ Normal Rugissement
100%
Niveau 64 Eau Aquatacle
89%
Niveau 10 Vol Cru-Ailes
89%
Niveau 27 Vol Lame d'Air
78%
Niveau 21 Eau Tranch'Aqua
78%
Niveau 17 Eau Vibraqua
78%
Niveau 43 Vol Acrobatie
67%
Niveau 47 Eau Aqua-Brèche
67%
Niveau 13 Eau Aqua-Jet
67%
Niveau 17 Combat Balayette
67%
Niveau 52 Vol Danse Plumes
44%
Niveau 7 Normal Rengorgement
22%
Départ Combat Riposte
22%
Niveau 32 Normal Puissance
11%
Départ Normal Coup Double
0%
Niveau 38 Normal Ultimawashi
0%
Aucun quiz correspondant
Distribution des résultats
% des personnes avec chaque résultat
Percentile par nombre de réponses
Votre historique - résultats
Vous n’avez pas pris ce quiz